000
00300nam a22001097a 4500
008
160624b xxu||||| |||| 00| 0 eng d
100
_9
978
_a
Ramarao, V,
245
_a
Current Prosefor Better Learning
260
_a
Madras
_b
McMillian
_c
1987
300
_a
Current Prosefor Better Learning
942
_2
ddc
_c
BK
999
_c
781
_d
781